00807nam a22002297a 450000500170000001000130001702000230003003500130005303700160006604000120008208200130009410000330010724500870014026000410022727000520026830000310032065000210035165000400037294200220041299900190043495201240045320170124110208.0 aB-010048 c200.00a8186224866 aB-010048 bCen Lib/Ret aDPLbEN a000bKAV aKavimandan, Surendra 937822 aP.M.G. guide of bechelor of architecture entrance exam /cby Surendra Kavimandan  aNew Delhi bRamesh Publishing House  bNew Delhi a12-H, new dariya ganj road e110002 avarious pagings c21cm(Hb) aGeneralia 93517 aEntrance Books (B.arch. BCA)937823 2ddccENh000mKAV c133394d133394 00104070aLbLd2015-07-25eCen Lib/Retg200.00l0o000 KAVpB-010048r2015-07-25 00:00:00t1v200.00w2015-07-25yEN